| 000 | 01754nam a22003617a 4500 | ||
|---|---|---|---|
| 005 | 20121019104757.0 | ||
| 008 | 121019t xxu||||| |||| 00| 0 eng d | ||
| 010 | _aENG-106104 | ||
| 020 |
_a9781259005572 _c450.00 |
||
| 020 |
_a1259005577 _c450.00 |
||
| 035 | _aEN-89637 | ||
| 037 | _bDBAD/PUB | ||
| 040 |
_aDPL _bEng |
||
| 082 | 0 | 0 |
_a621.3191 _221 |
| 245 | 0 | 0 |
_aElectrical power systems quality / _cby Roger C. Dugan ... [et al] |
| 250 | _a3rd ed | ||
| 260 |
_aNew Delhi _bTata McGraw-Hill _c2012 |
||
| 270 |
_a7 West Patel Nagar _bNew Delhi _e110008 |
||
| 300 |
_axvii, 558p. : _bill. _c24cm(pbk) |
||
| 500 | _aRev. ed of: Electrical power systems quality / Roger C. Dugan, Mark F. McGranaghan, H. Wayne Beaty. c1996. | ||
| 500 | _aIncludes bibliographical references and index. | ||
| 650 | 0 |
_aElectric power system stability. _953239 |
|
| 650 | 0 |
_aElectric power systems _xQuality control. _953240 |
|
| 650 | 0 |
_aElectric power-plants _xQuality control. _953241 |
|
| 700 | 1 |
_aDugan, Roger C. _953242 |
|
| 700 | 1 |
_aDugan, Roger C. _tElectrical power systems quality. _953243 |
|
| 856 | 4 | 2 |
_3Contributor biographical information _uhttp://www.loc.gov/catdir/bios/mh041/2002038697.html |
| 856 | 4 | 1 |
_3Table of contents _uhttp://www.loc.gov/catdir/toc/mh031/2002038697.html |
| 856 | 4 | 2 |
_3Publisher description _uhttp://www.loc.gov/catdir/enhancements/fy0704/2002038697-d.html |
| 942 |
_2ddc _cEN _h621.3191 _mELE |
||
| 999 |
_c70998 _d70998 |
||